000 03907nam a2201309 i 4500
001 nkc20243607416
003 CZ PrSKC
005 20260428173359.0
007 ta
008 240522s2024 xr ach f 001 0 cze
015 _acnb003607416
020 _a9788074705199
_q(brožováno) :
_cKč 229,00
035 _a(OCoLC)1477946953
040 _aABA001
_bcze
_dOLA001
_erda
041 0 _acze
_beng
043 _ae-xr---
045 _ax8x9
072 7 _a070
_xNoviny. Tisk. Žurnalistika
_2Konspekt
080 _a070
_2MRF
080 _a316.774:32
_2MRF
080 _a070.13
_2MRF
080 _a342.727
_2MRF
080 _a316.42
_2MRF
080 _a070.42
_2MRF
080 _a(437.3)
_2MRF
080 _a(048.8)
_2MRF
100 1 _aKlimeš, David,
_d1982-
_4aut
245 1 0 _aOd Listopadu po Novu :
_bvývoj české žurnalistiky v letech 1989-1994 /
_cDavid Klimeš
250 _aVydání první
264 1 _aPraha :
_bAkropolis,
_c2024
300 _a141 stran :
_bilustrace, portréty, faksimile ;
_c21 cm
336 _atext
_btxt
_2rdacontent
337 _abez média
_bn
_2rdamedia
338 _asvazek
_bnc
_2rdacarrier
500 _aChronologický přehled
504 _aObsahuje bibliografii, bibliografické odkazy a rejstřík
520 2 _aKniha se zabývá vývojem žurnalistické profese v letech 1989 až 1994.
_bPolistopadový vývoj je v knize rozdělen do několika kapitol, které z různých pohledů sledují vývoj žurnalistické profese: Proměny kolektivní reprezentace novinářů ukazují přechod od státem řízeného novinářského svazu k dobrovolnému syndikátu a nechuti mnohých novinářů se profesně organizovat. Nakladatelská anotace. Kráceno.
546 _aAnglické resumé
648 7 _aod 1989
_2czenas
648 4 _a1989-1994
650 0 7 _ažurnalistika
_zČesko
_yod 1989
_2czenas
650 0 7 _amasmédia a politika
_zČesko
_yod 1989
_2czenas
650 0 7 _asvoboda tisku
_zČesko
_yod 1989
_2czenas
650 0 7 _asvoboda projevu
_zČesko
_yod 1989
_2czenas
650 0 7 _aspolečenská transformace
_zČesko
_yod 1989
_2czenas
650 0 7 _anovinářská profese
_zČesko
_yod 1989
_2czenas
650 0 9 _ajournalism
_zCzechia
_y1989-
_2eczenas
650 0 9 _amass media and politics
_zCzechia
_y1989-
_2eczenas
650 0 9 _afreedom of the press
_zCzechia
_y1989-
_2eczenas
650 0 9 _afreedom of speech
_zCzechia
_y1989-
_2eczenas
650 0 9 _asocial transformation
_zCzechia
_y1989-
_2eczenas
650 0 9 _ajournalistic profession
_zCzechia
_y1989-
_2eczenas
655 7 _amonografie
_2czenas
655 9 _amonographs
_2eczenas
900 _b19
910 _aABA001
910 _aABA006
910 _aABA010
910 _aABB060
910 _aABB083
910 _aABD001
910 _aABD005
910 _aABD103
910 _aABE031
910 _aABE301
910 _aABE334
910 _aABE343
910 _aABG001
910 _aBEG001
910 _aBEG509
910 _aBNG001
910 _aBOA001
910 _aBOD031
910 _aBRG001
910 _aCBA001
910 _aCHG001
910 _aCRG001
910 _aCVG001
910 _aFMG502
910 _aHBG001
910 _aHKA001
910 _aHOG001
910 _aKAG001
910 _aKLG001
910 _aKMG001
910 _aKVG001
910 _aLIA001
910 _aMBG001
910 _aMEG502
910 _aMOG001
910 _aNJG502
910 _aNJG505
910 _aOLA001
910 _aOLD012
910 _aOLG001
910 _aOPE301
910 _aOSA001
910 _aOSD001
910 _aPAD001
910 _aPAG001
910 _aPBG001
910 _aPEG001
910 _aPNA001
910 _aPND007
910 _aSUG538
910 _aULD001
910 _aULG001
910 _aZLD002
910 _aZLG001
910 _aZNG001
942 _2ddc
_cKNIHA
_n0
999 _c1886
_d1886